000 00340nam a2200145Ia 4500
005 20260330112751.0
008 260330s9999||||xx |||||||||||||| ||und||
020 _a9789580463443
041 _aspa
245 0 _aFranklin Es Un Mandon /
250 _aN/A
260 _aBogota :
_bEditorial Normal.
_c1993
650 _aCUENTO
942 _cBKL
999 _c3494
_d3494